000 00963nam a2200265Ia 4500
003 OSt
005 20220923211118.0
006 a|||||r|||| 00| 0
007 ta
008 220922b |||||||| |||| 00| 0 urd d
020 _a8181434846 (hbk)
024 _a230,885
037 _cTextual
040 _aARTS
_cARTS
_burd
041 _2urd
_aurd
082 _aO168,1N54x, 152P6
100 _aशगुफ़ता, सारा; तबस्सुम, शाहीना, संपा.
_9158345
245 0 _aशायरी झंकार नहीं
246 _aShāyarī zankār nahīan
260 _aनई दिल्ली
_b वाणी प्रकाशन
_c2006
300 _a83पृ0
_ccm.
650 _aउर्दू साहित्य
_9158346
942 _hO168,1N54x, 152P6
_cTEXL
_2CC
999 _c295425
_d295425